Pascal Philosophie: Une étude unitaire de la pensée de Pascal

Gespeichert in:
Bibliographische Detailangaben
1. Verfasser: Harrington, Thomas More (VerfasserIn)
Format: Buch
Sprache:Französisch
Veröffentlicht: París SEDES 1982
Schlagworte:
Tags: Tag hinzufügen
Keine Tags, Fügen Sie den ersten Tag hinzu!

MARC

LEADER 00000nam a2200000 a 4500
001 UCZ4286
003 CL-VaPUC
005 20230320112859.0
008 951106e19820000FR |||||||||||||||||fre|d
999 |c 240699  |d 240697 
040 |c Pontificia Universidad Católica de Valparaíso 
082 0 4 |a 194  |b HAR  |2 21 
100 0 |a Harrington, Thomas More  |e author  |9 348257 
245 1 0 |a Pascal Philosophie: Une étude unitaire de la pensée de Pascal 
260 |a París  |b SEDES  |c 1982 
300 |a 187 p 
583 |a last modification  |c 19951106 00:00:00  |k Rodrigo Vera 
600 0 |a Pascal, Blaise   |q (Pascal, Blas)  |d 1623-1662  |9 880816 
650 0 |a Filosofía francesa   |9 255698 
650 0 |a Teología   |9 258766 
650 0 |a Filosofía de las ciencias  |9 256466 
650 0 |a Ontología   |9 256850 
650 0 |a Epistemología   |9 264994 
650 0 |a Física   |9 227844 
650 0 |a Cristianismo  |9 257361 
650 0 |a Creencia Religiosa  |9 316904 
650 0 |a Filosofía cristiana   |9 265980 
942 |c BK  |2 ddc 
945 |d 19951106 00:00:00  |a lriquelm 
952 |0 0  |1 0  |4 0  |6 194_000000000000000_HAR_1982  |7 0  |8 P  |9 252699  |a BIBEDU  |b BIBEDU  |c BIBEDU_PB  |d 2019-11-18  |i 1594826  |o 194 HAR 1982  |p 1594826  |r 2024-01-25  |w 2019-11-18  |y BK  |k FIL